000 00902nam a2200277Ia 4500
001 Para_3911
003 CHAP
008 220125s1965 xx 000 0 und d
010 _a201850
040 _cCHAP
090 _aPA FOLLETO 1306
100 _aSnow, J. Wendell
_9107238
245 _aSeasonal host activity of the bollworm and tabacco budworm during 1963 in Northeast Mississippi /
_c J. Wendell Snow, J. R. Brazzel
260 _aMississippi :
_b Agricultural Experiment Station
300 _a24 p.
440 _aMississippi. Agri. Exp. Sta. Bull.; 712
_9166802
650 _aHeliothis (Helicoverpa) zea Heliothis virescens Tabaco
_x Plagas
_9166803
700 _aBrazzel, J. R.
_915178
901 _aPA FOLLETO 1306
902 _aA
905 _a0000001965 MIS 0000000000 00
910 _a1965
942 _cPARA
942 _cPARA
_d1
999 _c201850
_d201850